| 000 | 00384nam a22001337a 4500 | ||
|---|---|---|---|
| 003 | NUST | ||
| 005 | 20221007094737.0 | ||
| 020 | _a978-955-8089-06-4 | ||
| 082 | _a940.93012, SIL | ||
| 245 |
_aSilent Heroes: _bThe Chronicles and Histories of the Sri lanka Signals Crops |
||
| 260 |
_aSri Lanka _bSoftware printing and packaging Ltd _c2020 |
||
| 300 | _a396: pages | ||
| 942 |
_2ddc _cBK |
||
| 999 |
_c591561 _d591561 |
||